000 00605nam a2200205Ia 4500
008 150610s9999 xx 000 0 und d
020 _a9780316056229
050 _aPZ7
_b.B132185Dro 2012
100 _aBagigalupi, Paolo
245 4 _aThe drowned cities /
_cby Paolo Bacigalupi.
250 _a1st ed.
260 _aNew York :
_bLittle, Brown and Co., 
_c2012.
300 _a434pages ;
_c22 cm.
504 _aCompanion to: Ship breaker.
520 _aFiction.
650 _aConduct of life
_bFiction.
650 _aOrphans
_bFiction.
650 _aSoldiers
_xFiction.
650 _aSurvival
_xFiction.
999 _c288105
_d288105